000 00649nam a2200277Ia 4500
005 20260324150223.0
008 008 260324s9999 xx 000 0 eng d
020 _a9781003503316
037 _aEBOOK
040 _aCRL
040 _beng
040 _cCRL
041 _2eng
041 _aeng
084 _qCRL
100 _aAlan Peacock; G. K. Shaw
_91225668
245 4 _aThe Economic Theory of Fiscal Policy
260 _bTaylor and Francis
260 _c1971
365 _a
365 _b140
856 _uhttp://www.taylorfrancis.com/books/9781003503316
942 _cEBOOK
999 _c1834753
_d1834753